A Text book of Fluid Mechanics and Hydraulic Machines / (Record no. 7250)
[ view plain ]
| 000 -LEADER | |
|---|---|
| fixed length control field | 00352cam a2200133ua 4500 |
| 020 ## - INTERNATIONAL STANDARD BOOK NUMBER | |
| ISBN | 9788131808153 |
| 082 ## - DEWEY DECIMAL CLASSIFICATION NUMBER | |
| Classification number | 532 |
| Item number | BAN/TE |
| 100 ## - MAIN ENTRY--AUTHOR NAME | |
| Personal name | Bansal, R K . |
| 245 ## - TITLE STATEMENT | |
| Title | A Text book of Fluid Mechanics and Hydraulic Machines / |
| 250 ## - EDITION STATEMENT | |
| Edition statement | 4 / 9th rev |
| 260 ## - PUBLICATION, DISTRIBUTION, ETC. (IMPRINT) | |
| Place of publication | New Delhi : |
| Name of publisher | Laxmi Publications (P) Ltd, |
| Year of publication | 2013 |
| 300 ## - PHYSICAL DESCRIPTION | |
| Number of Pages | 1102. |
| 942 ## - ADDED ENTRY ELEMENTS (KOHA) | |
| Koha item type | Books |
| Withdrawn status | Lost status | Damaged status | Home library | Current library | Shelving location | Date acquired | Full call number | Accession Number | Koha item type | Collection code | Source of acquisition | Cost, normal purchase price |
|---|---|---|---|---|---|---|---|---|---|---|---|---|
| Damaged | KAUAET | KAUAET | Binding Shelf | 07/04/2012 | 532 | 17938 | Books | |||||
| Withdrawn | Damaged | KAUAET | KAUAET | 09/03/1987 | 532 | 16014 | Books | |||||
| KAUAET | KAUAET | 07/04/2012 | 532 | 21823 | Books | |||||||
| KAUAET | KAUAET | 07/04/2012 | 532 | 21822 | Books | |||||||
| KAUAET | KAUAET | General Stacks | 31/03/2012 | 532 BAN/TE | 22701 | Books | Non-fiction | Penta Book Distributors, Calicut | 495.00 | |||
| KAUAET | KAUAET | General Stacks | 31/03/2012 | 532 BAN/TE | 22702 | Books | Non-fiction | Penta Book Distributors, Calicut | 495.00 | |||
| KAUAET | KAUAET | General Stacks | 31/03/2012 | 532 BAN/TE | 22703 | Books | Non-fiction | Penta Book Distributors, Calicut | 495.00 | |||
| KAUAET | KAUAET | General Stacks | 31/03/2012 | 532 BAN/TE | 22704 | Books | Non-fiction | Penta Book Distributors, Calicut | 495.00 | |||
| KAUAET | KAUAET | General Stacks | 31/03/2012 | 532 BAN/TE | 22705 | Books | Non-fiction | Penta Book Distributors, Calicut | 495.00 | |||
| KAUAET | KAUAET | General Stacks | 31/03/2012 | 532 BAN/TE | 22706 | Books | Non-fiction | Penta Book Distributors, Calicut | 495.00 | |||
| KAUAET | KAUAET | General Stacks | 31/03/2012 | 532 BAN/TE | 22707 | Books | Non-fiction | Penta Book Distributors, Calicut | 495.00 | |||
| KAUAET | KAUAET | General Stacks | 31/03/2012 | 532 BAN/TE | 22708 | Books | Non-fiction | Penta Book Distributors, Calicut | 495.00 | |||
| KAUAET | KAUAET | General Stacks | 31/03/2012 | 532 BAN/TE | 22709 | Books | Non-fiction | Penta Book Distributors, Calicut | 495.00 | |||
| KAUAET | KAUAET | General Stacks | 31/03/2012 | 532 BAN/TE | 22710 | Books | Non-fiction | Penta Book Distributors, Calicut | 495.00 | |||
| KAUAET | KAUAET | Scheme | 18/08/2012 | 532 BAN/TE | BB 131 | Book Bank scheme for SC students | Non-fiction | |||||
| KAUAET | KAUAET | General Stacks | 30/03/2013 | 532 BAN/TE | 23875 | Books | Non-fiction | Neoti Book Agency | 550.00 | |||
| KAUAET | KAUAET | General Stacks | 30/03/2013 | 532 BAN/TE | 23876 | Books | Non-fiction | Neoti Book Agency | 550.00 | |||
| KAUAET | KAUAET | General Stacks | 30/03/2013 | 532 BAN/TE | 23877 | Books | Non-fiction | Neoti Book Agency | 550.00 | |||
| KAUAET | KAUAET | General Stacks | 30/03/2013 | 532 BAN/TE | 24037 | Books | Non-fiction | Aman Book Stall, Calicut | 550.00 | |||
| KAUAET | KAUAET | General Stacks | 31/03/2014 | 532 BAN/TE | 24500 | Books | 595.00 | |||||
| KAUAET | KAUAET | General Stacks | 31/03/2014 | 532 BAN/TE | 24501 | Books | 595.00 | |||||
| KAUAET | KAUAET | General Stacks | 31/03/2014 | 532 BAN/TE | 24502 | Books | 595.00 | |||||
| KAUAET | KAUAET | General Stacks | 31/03/2014 | 532 BAN/TE | 24503 | Books | 595.00 | |||||
| KAUAET | KAUAET | General Stacks | 31/03/2014 | 532 BAN/TE | 24504 | Books | 595.00 | |||||
| KAUAET | KAUAET | General Stacks | 31/03/2014 | 532 BAN/TE | 24505 | Books | 595.00 | |||||
| KAUAET | KAUAET | General Stacks | 31/03/2014 | 532 BAN/TE | 24506 | Books | 595.00 | |||||
| KAUAET | KAUAET | General Stacks | 31/03/2014 | 532 BAN/TE | 24507 | Books | 595.00 | |||||
| KAUAET | KAUAET | General Stacks | 31/03/2014 | 532 BAN/TE | 24508 | Books | 595.00 | |||||
| KAUAET | KAUAET | General Stacks | 31/03/2014 | 532 BAN/TE | 24509 | Books | 595.00 | |||||
| KAUAET | KAUAET | General Stacks | 02/07/2016 | 532 BAN/TE | 24413 | Books | Dream Tech, Trivandrum | 550.00 | ||||
| KAUAET | KAUAET | 16/08/2016 | 532 BAN/TE | 24624 | Books | |||||||
| KAUAET | KAUAET | 16/08/2016 | 532 BAN/TE | 24229 | Books | |||||||
| KAUAET | KAUAET | 16/08/2016 | 532 BAN/TE | 24230 | Books | |||||||
| KAUAET | KAUAET | 16/08/2016 | 532 BAN/TE | 24231 | Books | |||||||
| KAUAET | KAUAET | 16/08/2016 | 532 BAN/TE | 24232 | Books | |||||||
| KAUAET | KAUAET | 16/08/2016 | 532 BAN/TE | 24233 | Books | |||||||
| KAUAET | KAUAET | Scheme | 23/08/2016 | 532 BAN/TE | BB 303 | Book Bank scheme for SC students | Penta Books Distributors, Calicut. | 595.00 | ||||
| KAUAET | KAUAET | General Stacks | 24/03/2017 | 532 BAN/TE | 25208 | Books | Calicut Books, Calicut | 650.00 | ||||
| KAUAET | KAUAET | General Stacks | 24/03/2017 | 532 BAN/TE | 25209 | Books | Calicut Books, Calicut | 650.00 | ||||
| KAUAET | KAUAET | Scheme | 30/08/2018 | 532 BAN/TE | BB 79 | Books | ||||||
| KAUAET | KAUAET | Scheme | 30/08/2018 | 532 BAN/TE | BB 78 | Books | ||||||
| KAUAET | KAUAET | Scheme | 532 BAN/TE | BB 550 | Book Bank scheme for SC students | General Books | Aman Book stall | 650.00 | ||||
| KAUAET | KAUAET | Scheme | 532 BAN/TE | BB 551 | Book Bank scheme for SC students | General Books | Aman Book stall | 650.00 | ||||
| Withdrawn | KAUAET | KAUAET | 05/02/2025 | 532 BAN/TE | 17939 | Books | 120.00 |
